| 000 | 00551nam a2200193Ia 4500 | ||
|---|---|---|---|
| 005 | 20250923144455.0 | ||
| 008 | 008 250917s9999 xx 000 0 eng d | ||
| 037 | _aTextual | ||
| 040 |
_aDSWL _beng _cDSWL |
||
| 041 |
_aeng _2eng |
||
| 084 | _qDSWL | ||
| 100 |
_aBryson, Finkelstein _9825242 |
||
| 245 | 0 |
_aConflicts of power in modern culture _cby Finkelstein Bryson |
|
| 260 |
_aUrbana _bUnniversity of Illinois Press USA _c1947 |
||
| 300 | _axx,703p. | ||
| 700 |
_a Finkelstein _9825243 |
||
| 942 | _cTEXL | ||
| 999 |
_c1439339 _d1439339 |
||